| 000 | 00357nam a22001337a 4500 | ||
|---|---|---|---|
| 020 | _a0132046032 | ||
| 082 | _a332.17068 REI | ||
| 100 |
_aReidenbach, R.Eric. _99179 |
||
| 245 | _aDeveloping New Banking Products :A manager's guide | ||
| 260 |
_aNew Jersey _bPrentice-Hall _c1987 |
||
| 300 |
_a206p. _bill: 20cm |
||
| 700 |
_aGrubbs, M.Ray _99180 |
||
| 942 | _cBK | ||
| 999 |
_c20924 _d20924 |
||